000 00467cam a2200193ua 4500
001 8919
005 20260515114413.0
008 150218n ii |||gr||||Z||||||asm
040 _cMAIN
041 _aasm
082 _a891.4513
100 _aBardoloi, N.,
_eAuthor.
245 1 _aJalapadma
_cBy Nirmalprava Bardoloi
250 _a1st.
260 _aGuwahati:
_bSahitya,
_c2001.
300 _a122p.
653 _aEast Indo-European & Celtic literatures
942 _cBK
999 _c8006
_d8006